Los líderes se hacen no nacen : (Registro nro. 13657)

Detalles MARC
000 -LEADER
fixed length control field 00834nam a2200253 a 4500
001 - CONTROL NUMBER
control field
003 - CONTROL NUMBER IDENTIFIER
control field DO-SdBNP
005 - DATE AND TIME OF LATEST TRANSACTION
control field 20210818095610.0
008 - FIXED-LENGTH DATA ELEMENTS--GENERAL INFORMATION
fixed length control field 100222s1985 dr a 001 0 spa d
040 ## - CATALOGING SOURCE
Original cataloging agency DO-SdBNP
Language of cataloging spa
Transcribing agency BPMSU
082 ## - DEWEY DECIMAL CLASSIFICATION NUMBER
Classification number 303.34
Item number G124Lid, 1985.
Edition number 22
100 1# - MAIN ENTRY--PERSONAL NAME
Personal name Gadea, Jorge A.
245 14 - TITLE STATEMENT
Title Los líderes se hacen no nacen :
Remainder of title manual práctico de entrenamiento de líderes /
Statement of responsibility, etc. Jorge A. Gardea.
250 ## - EDITION STATEMENT
Edition statement 2a. ed.
260 ## - PUBLICATION, DISTRIBUTION, ETC. (IMPRINT)
Place of publication, distribution, etc. Santo Domingo :
Name of publisher, distributor, etc. Instituto de Entrenamiento de Líderes,
Date of publication, distribution, etc. 1985.
300 ## - PHYSICAL DESCRIPTION
Extent v. ;
Dimensions 21 cm.
Other physical details
500 ## - GENERAL NOTE
General note Incluye datos biográficos del autor en la contracubierta
500 ## - GENERAL NOTE
General note
505 0# - FORMATTED CONTENTS NOTE
Formatted contents note v. 1 : Liderismo en acción.
590 ## - LOCAL NOTE (RLIN)
Local note Inventariado, 2021/VM
650 #4 - SUBJECT ADDED ENTRY--TOPICAL TERM
Topical term or geographic name as entry element Liderazgo
General subdivision Enseñanza
Form subdivision Manuales
Geographic subdivision República Dominicana
910 ## - USER-OPTION DATA (OCLC)
User-option data VMateo V.
942 ## - ADDED ENTRY ELEMENTS (KOHA)
Source of classification or shelving scheme Dewey Decimal Classification
Koha item type Libros
Existencias
Withdrawn status Lost status Source of classification or shelving scheme Damaged status Not for loan Collection code Home library Current library Date acquired Source of acquisition Total Checkouts Full call number Barcode Date last seen Copy number Price effective from Koha item type
    Dewey Decimal Classification     Colección Dominicana Biblioteca Pública Metropolitana Salomé Ureña Biblioteca Pública Metropolitana Salomé Ureña 08/18/2021 Manuel Ortíz   BPMSU CD 303.34 G124l 1985. BPMSU21080053 08/18/2021 v.4 08/18/2021 Libros